| 000 | 00677nam a22001937a 4500 | ||
|---|---|---|---|
| 003 | OSt | ||
| 005 | 20150210123551.0 | ||
| 008 | 130307t xxu||||| |||| 00| 0 eng d | ||
| 020 | _a9781921972133 | ||
| 050 |
_aQA 273 _b.M379ex 2013 |
||
| 100 | _aMartin, David. | ||
| 245 |
_aMathematics for the international student mathematics HL (Core) : _bfor use with IB diploma programme : exam preparation and practice guide / _cDavid Martin, Robert Hease, Sandra Haese. |
||
| 260 |
_aAustralia : _bHaese and Harris Publications, _c2013. |
||
| 300 |
_a152 pages : _c26 cm. _billustrations ; |
||
| 562 | _e1 | ||
| 650 |
_aMathematics _xStudent. |
||
| 942 |
_2lcc _cBK |
||
| 999 |
_c282568 _d282568 |
||